|
|
|
|
| LEADER |
00000cam a2200000 7i4500 |
| 001 |
0000005893 |
| 005 |
20101111.0 |
| 008 |
101111 |
| 040 |
|
|
|a INS
|
| 090 |
0 |
0 |
|a VCD 1612
|
| 245 |
0 |
0 |
|a Mesyuarat Agong ke - 5, PUSPANITA JPPH [
|h cakera video] :
|b 28 Januari 1995
|
| 260 |
|
|
|a Bangi :
|b INSPEN ,
|c 4 3/4 in
|
| 300 |
|
|
|a 1 cakera video (2 jam 8 min.) :
|b by., wrn. ;
|c 4 3/4 in.
|
| 500 |
|
|
|a Juga terdapat dalam format vhs : VHS 567 - 568
|
| 650 |
0 |
0 |
|a Women
|x societies and clubs
|
| 710 |
1 |
|
|a INSPEN (Institut Penilaian Negara)
|
| 999 |
|
|
|a VCD0001612
|b VIDEO CD
|c Media Collection
|e Default branch
|